Indefinite inner product spaces

Αποθηκεύτηκε σε:
Λεπτομέρειες βιβλιογραφικής εγγραφής
Κύριος συγγραφέας: Bognar, Janos
Μορφή: Βιβλίο
Γλώσσα:English
Δημοσίευση: Berlin ; New York : Springer, 1974
Σειρά:Ergebnisse der Mathematik und ihrer Grenzgebiete ; ; 78
Θέματα:
Ετικέτες: Προσθήκη ετικέτας
Δεν υπάρχουν, Καταχωρήστε ετικέτα πρώτοι!

MARC

LEADER 00000cam a2200000 i 4500
001 1/30807
008 960712s1974 eng d
020 |a 0387062025 
035 |l 10038665 
035 |a 1995 
040 |a GR-MY-UA  |b gre  |e aacr 
041 0 |a eng 
082 0 |a 512.52 
100 1 |a Bognar, Janos. 
245 1 0 |a Indefinite inner product spaces /  |c Janos Bognar 
260 |a Berlin ; New York :   |b Springer,   |c 1974 
300 |a ix, 223 p.;  |c 24 cm. 
490 1 |a Ergebnisse der Mathematik und ihrer Grenzgebiete  |v ; 78 
504 |a Bibliography: p. [210]-220 
650 0 0 |a Indefinite inner product spaces. 
830 0 |a Ergebnisse der Mathematik und ihrer Grenzgebiete ;  |v ; 78 
852 |a INST  |b SAMOS  |e 19960712  |h 512.52 BOG  |p 005300005261  |q 005300005261  |t BK  |y 0 
909 |a Σ  |b 039167